Big Six North American Sports Teams - Statistics

General Stats
  • This quiz has been taken 168 times
    118 since last reset
  • The average score is 118 of 161
Answer Stats
Answers % Correct
New York Jets
95%
Winnipeg Jets
95%
Cincinnati Reds
93%
Miami Dolphins
93%
Arizona Cardinals
91%
Buffalo Bills
91%
Dallas Cowboys
91%
Houston Texans
91%
Kansas City Chiefs
91%
New York Giants
91%
San Francisco Giants
91%
St. Louis Cardinals
91%
Washington Football Team
91%
BC Lions
88%
Boston Celtics
88%
Chicago Bulls
88%
Detroit Lions
88%
Jacksonville Jaguars
88%
Los Angeles Chargers
88%
Los Angeles Lakers
88%
Los Angeles Rams
88%
Miami Heat
88%
New England Patriots
88%
Oakland Raiders
88%
Orlando Magic
88%
Pittsburgh Steelers
88%
San Antonio Spurs
88%
San Francisco 49ers
88%
Seattle Seahawks
88%
Tampa Bay Buccaneers
88%
Boston Bruins
86%
Boston Red Sox
86%
Carolina Panthers
86%
Chicago Bears
86%
Chicago White Sox
86%
Denver Broncos
86%
Detroit Tigers
86%
Florida Panthers
86%
Green Bay Packers
86%
Los Angeles Kings
86%
New York Yankees
86%
Sacramento Kings
86%
Atlanta Falcons
84%
Atlanta Hawks
84%
Baltimore Ravens
84%
Brooklyn Nets
84%
Cleveland Browns
84%
Dallas Stars
84%
Edmonton Oilers
84%
Houston Astros
84%
Minnesota Timberwolves
84%
Minnesota Vikings
84%
Montreal Canadiens
84%
New Jersey Devils
84%
New York Rangers
84%
Oakland Athletics
84%
Philadelphia 76ers
84%
Pittsburgh Penguins
84%
Tennessee Titans
84%
Texas Rangers
84%
Anaheim Ducks
81%
Arizona Diamondbacks
81%
Atlanta Braves
81%
Chicago Blackhawks
81%
Chicago Cubs
81%
Cincinnati Bengals
81%
Dallas Mavericks
81%
Denver Nuggets
81%
Detroit Pistons
81%
Houston Rockets
81%
Indianapolis Colts
81%
Los Angeles Clippers
81%
New Orleans Saints
81%
New York Knicks
81%
Ottawa Senators
81%
Philadelphia Eagles
81%
Pittsburgh Pirates
81%
San Jose Sharks
81%
Toronto Maple Leafs
81%
Toronto Raptors
81%
Utah Jazz
81%
Vancouver Canucks
81%
Washington Wizards
81%
Arizona Coyotes
79%
Calgary Flames
79%
Golden State Warriors
79%
Los Angeles Angels
79%
Memphis Grizzlies
79%
New York Mets
79%
Oklahoma City Thunder
79%
Philadelphia Flyers
79%
Baltimore Orioles
77%
Charlotte Hornets
77%
Colorado Avalanche
77%
Detroit Red Wings
77%
Milwaukee Bucks
77%
New Orleans Pelicans
77%
New York Islanders
77%
Phoenix Suns
77%
Portland Trail Blazers
77%
Seattle Mariners
77%
Tampa Bay Rays
77%
Toronto Blue Jays
77%
Washington Nationals
77%
Buffalo Sabres
74%
Carolina Hurricanes
74%
Cleveland Cavaliers
74%
Colorado Rockies
74%
Indiana Pacers
74%
Minnesota Wild
74%
San Diego Padres
74%
Seattle Kraken
74%
Vegas Golden Knights
74%
Washington Capitals
74%
Cleveland Guardians
72%
Columbus Blue Jackets
72%
Miami Marlins
72%
Milwaukee Brewers
72%
Minnesota Twins
72%
Nashville Predators
72%
New York Red Bulls
72%
Philadelphia Phillies
72%
St. Louis Blues
72%
Tampa Bay Lightning
72%
Kansas City Royals
70%
Los Angeles Dodgers
70%
LA Galaxy
67%
Chicago Fire FC
60%
Portland Timbers
58%
D.C. United
51%
Inter Miami CF
51%
Columbus Crew
49%
Real Salt Lake
49%
Toronto Argonauts
49%
Atlanta United FC
47%
Los Angeles FC
47%
Seattle Sounders FC
47%
Vancouver Whitecaps FC
47%
Colorado Rapids
44%
Saskatchewan Roughriders
44%
Toronto FC
44%
FC Dallas
42%
Houston Dynamo FC
42%
Montreal Alouettes
42%
New England Revolution
42%
Austin FC
40%
New York City FC
40%
Orlando City SC
40%
Philadelphia Union
40%
Calgary Stampeders
37%
Winnipeg Blue Bombers
37%
Hamilton Tiger-Cats
35%
San Jose Earthquakes
35%
Charlotte FC
33%
Sporting Kansas City
33%
CF Montreal
30%
Minnesota United FC
30%
Nashville SC
30%
Ottawa RedBlacks
30%
Edmonton Eskimos
28%
FC Cincinnati
28%
No matching quizzes found
Score Distribution
Percent of People with Each Score
Percentile by Number Answered
Your Score History
You have not taken this quiz since the last reset